Sikhi General Knowledge - Statistics

General Stats
  • This quiz has been taken 30 times
  • The average score is 4 of 12
Answer Stats
Hint Answer % Correct
How many Gurus wrote Gurbani? 7
97%
How old were Guru Har Krishan Sahib Ji when they merged back into Vaheguru? 8 Years Old
86%
Which of Guru Gobind Singh Ji's Sahibzaade was the oldest? Baba Ajit Singh Ji
69%
Which of the 5 Takhts is the birthplace of Guru Gobind Singh Ji? Patna Sahib
55%
Mata Nanaki Ji was the mother of which Guru? Guru Tegh Bahadur Ji
41%
Which Baani of Guru Gobind SIngh Ji is included in Rehras Sahib? Chaupai Sahib
31%
Who was the daughter of Guru Amar Das Ji that was married to Guru Ram Das Ji? Bibi Bhani Ji
17%
Who was the Inn keeper that would keep travellers' belongings for himself and changed for the better after hearing Guru Nanak Dev Ji's shabad Sajjan Thag
17%
To whom did Guru Gobind Singh ji say "Rangrete Guru Ke Bete"? Bhai Jaita Singh Ji | Bhai Jiwan Singh Ji
10%
Which Bani is made of letters sent By Guru Arjan Dev Ji to their father, Guru Ram Das Ji? Shabad Hazarey
10%
Which battle was Guru Gobind Singh Ji's first? Battle of Bhangani
7%
What was Guru Ram Das Ji's name before they received Gurgaddi? Bhai Jetha Ji
3%
No matching quizzes found
Score Distribution
Percent of People with Each Score
Percentile by Number Answered
Your Score History
You have not taken this quiz